000 00539nam a2200217Ia 4500
005 20241129111324.0
008 241129s9999||||xx |||||||||||||| ||und||
020 _a978-9933-516-50-5
037 _aTB
040 _aCRL
_beng
_cCRL
041 _aara
_2ara
084 _aO28:g Q4
_qCRL
100 _aAdnan Saeed Au.
_9724069
245 0 _aFi afaq al-adab
_cAdnan Saeed Au.
260 _c2014
300 _a206p.
365 _aINR
_b910
650 _aArabic Literature
942 _cTB
_hO28:g Q4
999 _c1229919
_d1229919